| 000 | 00000nam##2200000za#4500 |
| 001 | 9.661777 |
| 003 | CaOODSP |
| 005 | 20210615120226 |
| 007 | ta |
| 008 | 150407|2000||||xxc||||| f|0| 0 eng|d |
| 020 | |a0-662-64902-8 |
| 040 | |aCaOODSP|beng |
| 041 | |aeng |
| 041 | |afre |
| 043 | |an-cn--- |
| 086 | 1 |aBT22-68/2000 |
| 110 | 1 |aCanada. |bTreasury Board. |
| 245 | 10|aResults for Canadians : |ba management framework for the Government of Canada |
| 260 | |aOttawa - Ontario : |bTreasury Board of Canada Secretariat |c2000. |
| 300 | |aEnglish text, 38p. ; |c28 cm. |
| 500 | |a"This document sets out a framework for management in the Government of Canada and an agenda for change in the way that departments and agencies manage and deliver their programs and services."--Page 1. |
| 520 | 3 |aThis document sets out a framework for management in the Government of Canada and an agenda for change in the way that departments and agencies manage and deliver their programs and services.--Page 1 |
| 546 | |aBilingual |
| 563 | |aSoftcover |
| 590 | |a00-25|b2000-06-23 |
| 690 | 07|aManagement|2gcpds |
| 690 | 07|aFederal institutions|2gcpds |
| 690 | 07|aPublic administration|2gcpds |
| 690 | 07|aPublic service|2gcpds |
| 776 | 0#|tDes résultats pour les Canadiens et les Canadiennes : |w(CaOODSP)9.637799 |
| 776 | 0#|tResults for Canadians : |w(CaOODSP)9.693624 |
| 792 | |tDes résultats pour les Canadiens et les Canadiennes : |efre|w(CaOODSP)9.661778 |